000 00250nam a2200097Ia 4500
001 689417
005 20250826161634.0
008 250824s9999 xx 000 0 und d
245 0 _aUNUTTUN MU BENİ HATIRLASANA
_cSÜLEYMAN KURT
260 _bHAYY YAYINLARI
999 _c689417
_d689417